00786nam a2200145 i 4500001000700000003000700007005001700014008004100031100003700072245016600109260011500275300002100390650004600411852018300457189610SpMaBN20250627063706.0190625s1872 sp |||| | spa d1 aMalo de Molina, Manuel, d1843- 10aBosquejo minero de la sierra de Cartagena b: memoria premiada e impresa por la Sociedad Económica de Amigos del País de Cartagena / cManuel Malo de Molina. aCartagena : b[Sociedad Económica de Amigos del País de Cartagena] : bImp. y lit. de L. Montells, c1872. a61 p. ; c26 cm. 4aMinería-zMurcia (Comunidad Autónoma) aES-MaACLjL-32450(7) z- Enc. cart. z. - Legado Federico de Botella y de Hornos z- Enc. en un vol. facticio, con tít. en el lomo de: España, geología: memorias varias, 3